000 00705cab a2200205 4500
001 WB3001-04
008 090401t1993 xxu||||| |||| 00| 0 eng d
035 _a(Sirsi) u41891
041 _aeng
245 _aBasements are coming up in the world
260 _c1993
350 _a0
490 _aDaily Telegraph
_v29 December 1993, 23(2)
520 _aIf land prices rise again, it could lead to the development of more homes with basements, which not only saves land but fuel costs. A survey commissioned by the Traditional Housing Bureau showed a favourable response to basements.
650 _aBASEMENTS
650 _aTRENDS
690 _aBUILT ENVIRONMENT
942 _n0
948 _c04/03/1997
999 _c26898
_d26898